Online Catalogue and eLibrary

Life on the outside : (Record no. 258)

MARC details
000 -LEADER
fixed length control field 00651cam a2200217 a 4500
001 - CONTROL NUMBER
control field 4981796
005 - DATE AND TIME OF LATEST TRANSACTION
control field 20240201023953.0
008 - FIXED-LENGTH DATA ELEMENTS--GENERAL INFORMATION
fixed length control field 980914s1999 enk b 001 0 eng
020 ## - INTERNATIONAL STANDARD BOOK NUMBER
ISBN 0745314384 (hbk)
040 ## - CATALOGING SOURCE (பட்டியலாக்க மூலம்)
Original cataloging agency DLC
Transcribing agency DLC
Modifying agency DLC
082 00 - DDC Classification
Class No. 305.89/4811
DDC Edition Number 21
Item Number - Author Mark LIF.
100 1# - MAIN ENTRY--PERSONAL NAME
Personal name Fuglerud, Øivind.
245 10 - TITLE STATEMENT
Title Life on the outside :
Remainder of title the Tamil diaspora and long-distance nationalism /
Statement of responsibility, etc. Øivind Fuglerud.
260 ## - PUBLICATION, DISTRIBUTION, ETC.
Place of publication, distribution, etc. London ;
-- Sterling, Va. :
Name of publisher, distributor, etc. Pluto Press,
Date of publication, distribution, etc. 1999.
300 ## - PHYSICAL DESCRIPTION
Extent (e.g. Volumes, Pages etc.) v, 203 p. ;
650 #0 - SUBJECT ADDED ENTRY--TOPICAL TERM
Topical term or geographic name entry element Tamil (Indic people)
650 #0 - SUBJECT ADDED ENTRY--TOPICAL TERM
Topical term or geographic name entry element Tamil (Indic people)
650 #0 - SUBJECT ADDED ENTRY--TOPICAL TERM
Topical term or geographic name entry element Tamil (Indic people)
650 #0 - SUBJECT ADDED ENTRY--TOPICAL TERM
Topical term or geographic name entry element Forced migration
942 ## - Koha item type (Biblio)
Koha item type Books in Stacks (Lending)
Holdings
Lost status Damaged status Collection code Home library Current library Date acquired Full call number Accession Number Item type
    Lending WERC Library WERC Library 02/01/2024 305.89/4811 LIF. 2923 Books in Stacks (Lending)

© WERC Library